000 00676nam a2200241 i 4500
001 11759
003 ES-MaACL
005 20230906150153.0
007 t|
008 961018r19941993sp ||||1| spa d
020 _a84-406-3164-2
080 _a820(73)-31"19"
100 1 _aMorrison, Toni.
_983691
245 1 0 _aJazz /
_cToni Morrison ; traducción, Jordi Gubern.
250 _a1ª ed., 2ª reimp.
260 _aBarcelona :
_bEdiciones B,
_c1993 (
_g1994 imp.)
300 _a357 p. ;
_c18 cm.
490 1 _aTiempos modernos
700 1 _aGubern, Jordi.
_960375
830 0 _aTiempos modernos
_9178583
852 _aES-MaACL
_jL-19005
_bR.123142
999 _c11759
_d11759